<?xml version="1.0" encoding="UTF-8"?><?xml-stylesheet type="text/xsl" href="static/style.xsl"?><OAI-PMH xmlns="http://www.openarchives.org/OAI/2.0/" xmlns:xsi="http://www.w3.org/2001/XMLSchema-instance" xsi:schemaLocation="http://www.openarchives.org/OAI/2.0/ http://www.openarchives.org/OAI/2.0/OAI-PMH.xsd"><responseDate>2026-06-02T08:14:41Z</responseDate><request verb="GetRecord" identifier="oai:riuma.uma.es:10630/19329" metadataPrefix="marc">https://riuma.uma.es/rest/oai/request</request><GetRecord><record><header><identifier>oai:riuma.uma.es:10630/19329</identifier><datestamp>2026-02-03T12:34:25Z</datestamp><setSpec>com_10630_2254</setSpec><setSpec>col_10630_37957</setSpec></header><metadata><record xmlns="http://www.loc.gov/MARC21/slim" xmlns:dcterms="http://purl.org/dc/terms/" xmlns:doc="http://www.lyncode.com/xoai" xmlns:xsi="http://www.w3.org/2001/XMLSchema-instance" xsi:schemaLocation="http://www.loc.gov/MARC21/slim http://www.loc.gov/standards/marcxml/schema/MARC21slim.xsd">
   <leader>00925njm 22002777a 4500</leader>
   <datafield ind2=" " ind1=" " tag="042">
      <subfield code="a">dc</subfield>
   </datafield>
   <datafield ind2=" " ind1=" " tag="720">
      <subfield code="a">Lloréns Gómez, Juan Bautista</subfield>
      <subfield code="e">author</subfield>
   </datafield>
   <datafield ind2=" " ind1=" " tag="260">
      <subfield code="c">2020-02-25</subfield>
   </datafield>
   <datafield ind2=" " ind1=" " tag="520">
      <subfield code="a">La Danza integrada, dentro de las artes escénicas inclusivas, encierra una serie de aspectos corporales y sociales que son extrapolables a la educación. Esta investigación es un estudio de casos consistente en la evaluación de un programa de intervención, diseñado en base a dichos aspectos e implementado en varios centros públicos andaluces de Educación Infantil. Para ello se ha optado por una metodología cualitativa, con la que, además de construir esta realidad desde las aportaciones de los sujetos implicados, se invita a estos a un replanteamiento de su propia práctica docente. En el informe de evaluación final, y a través de técnicas de recogidas de datos como el grupo de discusión, la observación y la entrevista grupal, se analizan los datos obtenidos, dando respuesta a las siguientes cuestiones: entender y comprender en profundidad cuáles son las preocupaciones y las estrategias educativas del profesorado de Educación Infantil en el aula en cuanto a la convivencia escolar, conocer la opinión de este profesorado sobre la inclusión en el aula de los aspectos corporales y sociales de la Danza inclusiva, diseñar diez unidades didácticas basadas en estos aspectos, y contrastar con un grupo de profesores especialistas que estas diez unidades cumplen con los objetivos del propio programa de intervención.</subfield>
   </datafield>
   <datafield ind1="8" ind2=" " tag="024">
      <subfield code="a">https://hdl.handle.net/10630/19329</subfield>
   </datafield>
   <datafield tag="653" ind2=" " ind1=" ">
      <subfield code="a">Educación inclusiva - Tesis doctorales</subfield>
   </datafield>
   <datafield tag="653" ind2=" " ind1=" ">
      <subfield code="a">Danza - Aspectos sociales - Tesis doctorales</subfield>
   </datafield>
   <datafield ind2="0" ind1="0" tag="245">
      <subfield code="a">Evaluación de los aspectos corporales y sociales de la Danza inclusiva en el aula de Educación Infantil: estudio de casos</subfield>
   </datafield>
</record>
</metadata></record></GetRecord></OAI-PMH>